[Event "9th Sunway Sitges 2022"]
[Site "Sitges ESP"]
[Date "2022.12.21"]
[Round "9.61"]
[White "Mompel Ferruz, Xavier"]
[Black "Rakhmangulova, Anastasiya"]
[Result "1-0"]
[BlackTitle "WIM"]
[WhiteElo "1953"]
[BlackElo "2296"]
[WhiteFideId "54585775"]
[BlackFideId "14117479"]
[EventDate "2022.12.12"]

1. e4 c5 2. Nf3 Nc6 3. d4 cxd4 4. Nxd4 Nf6 5. Nc3 e5 6. Ndb5 d6 7. Bg5 a6 8. Na3
b5 9. Nd5 Be7 10. Bxf6 Bxf6 11. c3 Rb8 12. Nc2 Bg5 13. g3 O-O 14. h4 Bh6 15. Bh3
Be6 16. Bxe6 fxe6 17. Nde3 Bxe3 18. Nxe3 b4 19. O-O bxc3 20. bxc3 Qc7 21. Qd3
Rb5 22. Rab1 Rc5 23. Rfd1 Rd8 24. Qxa6 Rxc3 25. Rb7 Qa5 26. Qe2 Nd4 27. Qg4 Rc7
28. Rdb1 Rf8 29. Rxc7 Qxc7 30. h5 Qf7 31. Rb2 h6 32. Kh1 Kh7 33. Kg2 Rg8 34. a4
Ra8 35. Nc4 Qc7 36. Nb6 Rb8 37. a5 Qc1 38. Ra2 Qb1 39. Nd7 Rd8 40. Nf6+ gxf6 41.
Qg6+ Kh8 42. Qxf6+ Kh7 43. Qe7+ Kg8 44. Qxd8+ Kf7 45. Qd7+ Kf6 46. Qd8+ Kg7 47.
Qd7+ Kf6 48. Ra3 Qxe4+ 49. Kh2 Nf3+ 50. Rxf3+ Qxf3 51. Qd8+ Kf7 52. Qb6 Qxh5+
53. Kg2 e4 54. Qc7+ Kg6 55. Qxd6 Qxa5 56. Qxe6+ Kg5 57. Qxe4 Qd2 58. Qe5+ Kg6
59. g4 Qc1 60. Qe6+ Kg7 61. Qe4 Qd2 62. Kg3 Qc1 63. Qe3 Qc7+ 64. f4 Kf7 65. Qd3
Qb6 66. Qd7+ Kg8 67. Kh4 Qf6+ 68. Kh5 Kh8 69. Qe8+ Kh7 70. Qe4+ 1-0

[Event "9th Sunway Sitges 2022"]
[Site "Sitges ESP"]
[Date "2022.12.21"]
[Round "9.63"]
[White "Shaik, Sumer Arsh"]
[Black "Saravanan, Durga"]
[Result "1/2-1/2"]
[WhiteTitle "CM"]
[WhiteElo "2290"]
[BlackElo "1784"]
[WhiteFideId "45020000"]
[BlackFideId "35068601"]
[EventDate "2022.12.12"]

1. c4 e6 2. Nf3 d5 3. d4 Nf6 4. g3 Bb4+ 5. Bd2 Bd6 6. Nc3 O-O 7. Bg5 c6 8. Bg2
h6 9. Bxf6 Qxf6 10. O-O Qd8 11. c5 Bc7 12. e4 dxe4 13. Nxe4 Nd7 14. b4 Nf6 15.
Nxf6+ Qxf6 16. Re1 Rd8 17. Qe2 Bd7 18. Ne5 Be8 19. Rad1 Rac8 20. Ng4 Qe7 21. f4
h5 22. Nf2 h4 23. Ne4 g6 24. Qg4 hxg3 25. Qxg3 Rd5 26. Nd6 Rxd6 27. cxd6 Qxd6
28. Rf1 Qxb4 29. Kh1 Qe7 30. Qg4 Qf6 31. Be4 Kf8 32. h4 Rd8 33. Qg5 Qxg5 34.
fxg5 Ke7 35. Rd3 Bb6 36. Rb1 Kd6 37. Kg2 Kc7 38. Rbd1 Bd7 39. Rf1 Be8 40. Rfd1
Bd7 41. Bf3 Be8 42. Kh3 Bd7 43. Bg4 Be8 44. Bf3 Kc8 45. Be4 Bd7 46. Kg2 Be8 47.
Kf3 Kb8 48. Kf4 Bc7+ 49. Kg4 Bb6 50. Bf3 Bd7 51. Kf4 Bc7+ 52. Ke4 e5 53. dxe5
Bf5+ 54. Ke3 Rxd3+ 55. Rxd3 Bxd3 56. Kxd3 Bxe5 57. Ke4 Bh8 58. Bd1 Bc3 59. Kf4
Kc7 60. Bb3 f6 61. Bf7 fxg5+ 62. hxg5 Bd2+ 63. Kg4 Kd6 64. Bxg6 Ke5 65. Bc2 Kd5
66. Kf5 Kc4 67. Be4 Kb4 68. g6 Bc3 69. Ke6 Ka3 70. Kd6 Kxa2 71. Kc7 b5 72. Kxc6
b4 73. Kb5 Ka3 74. Ka6 Bd4 75. g7 Bxg7 76. Kxa7 b3 77. Bd5 b2 78. Be4 Ka2 79.
Ka6 b1=Q 80. Bxb1+ Kxb1 1/2-1/2

[Event "9th Sunway Sitges 2022"]
[Site "Sitges ESP"]
[Date "2022.12.21"]
[Round "9.64"]
[White "Villa Tornero, Alex"]
[Black "Pogorelov, Ruslan"]
[Result "0-1"]
[BlackTitle "GM"]
[WhiteElo "1925"]
[BlackElo "2288"]
[WhiteFideId "54501091"]
[BlackFideId "14100363"]
[EventDate "2022.12.12"]

1. e4 c5 2. Nf3 e6 3. d4 cxd4 4. Nxd4 Nf6 5. Bd3 Nc6 6. Nf3 Be7 7. O-O d6 8. c4
O-O 9. Nc3 b6 10. Qe2 Bb7 11. Rd1 Qb8 12. Bf4 Nd7 13. Rac1 Nce5 14. Nxe5 Nxe5
15. Bxe5 dxe5 16. a3 Bc5 17. b4 Bd4 18. Nb5 Rd8 19. Nxd4 Rxd4 20. Bb1 Qd8 21. f3
Qg5 22. Rxd4 exd4 23. Rd1 e5 24. Qd2 Qxd2 25. Rxd2 Kf8 26. Kf2 Ke7 27. Bd3 a5
28. b5 Kd6 29. g3 Re8 30. Re2 Kc5 31. h4 h5 32. g4 Bc8 33. Kg3 f6 34. Rg2 Rh8
35. Rg1 g5 36. hxg5 h4+ 37. Kh2 fxg5 38. Re1 Rf8 39. Rf1 Rf4 40. Kh3 Bd7 41. Kg2
Be6 42. Kh2 Kd6 43. Kh3 Rf8 44. Kg2 Bxc4 45. Bxc4 Rc8 46. Rc1 d3 47. Rc3 Rxc4
48. Rxd3+ Ke6 49. Rd8 Rc2+ 50. Kh1 Rc3 51. Rb8 Rxf3 52. Rxb6+ Kd7 53. Rg6 Rh3+
54. Kg2 Rg3+ 55. Kh2 Rxg4 56. Rg7+ Kc8 57. Kh3 Rg3+ 58. Kh2 a4 59. Rg8+ Kb7 60.
Rg6 g4 61. Rg5 Rh3+ 62. Kg2 Rxa3 63. Rxe5 h3+ 64. Kh2 Ra2+ 65. Kg3 Rg2+ 66. Kf4
h2 67. Rh5 a3 68. Rh7+ Kb6 69. Rh6+ Kxb5 70. Rh8 a2 71. Rb8+ Kc6 0-1

[Event "9th Sunway Sitges 2022"]
[Site "Sitges ESP"]
[Date "2022.12.21"]
[Round "9.66"]
[White "Clarke, Brandon G I"]
[Black "Wong, Zhenyong Jayden"]
[Result "1/2-1/2"]
[WhiteTitle "IM"]
[BlackTitle "CM"]
[WhiteElo "2484"]
[BlackElo "2181"]
[WhiteFideId "400319"]
[BlackFideId "5821975"]
[EventDate "2022.12.12"]

1. e4 c5 2. Nf3 e6 3. d4 cxd4 4. Nxd4 Nc6 5. Nc3 Qc7 6. Be3 a6 7. Qd2 Nf6 8. f3
b5 9. O-O-O Bb7 10. g4 Nxd4 11. Bxd4 Be7 12. g5 Nh5 13. Be5 Qxe5 14. Qxd7+ Kf8
15. Qxb7 Bxg5+ 16. Kb1 Qb8 17. Rd7 Qxb7 18. Rxb7 g6 19. a4 bxa4 20. Nxa4 a5 21.
Bc4 Nf4 22. Rd1 Rd8 23. Rxd8+ Bxd8 24. Nc5 g5 25. Rb5 h5 26. Nb7 Kg7 27. Nxa5 g4
28. Nc6 Bh4 29. fxg4 hxg4 30. Ne5 f5 31. exf5 exf5 32. Nc6 Rf8 33. Rb7+ Kf6 34.
Rd7 Bf2 35. b4 Bg1 36. Rd2 Rh8 37. b5 Bxh2 38. b6 g3 39. Bf1 Rg8 40. b7 g2 41.
Bxg2 Nxg2 42. Ka2 Bf4 43. Rf2 Bd6 44. b8=Q Bxb8 45. Nxb8 Rxb8 46. Rxg2 f4 47. c4
Ke5 48. Ka3 f3 49. Rf2 Ke4 50. Ka4 Ke3 51. Rf1 Ke2 52. Rc1 f2 53. c5 1/2-1/2

[Event "9th Sunway Sitges 2022"]
[Site "Sitges ESP"]
[Date "2022.12.21"]
[Round "9.67"]
[White "Vitier Vazquez, Cristian"]
[Black "Levi, Netanel"]
[Result "1-0"]
[WhiteTitle "FM"]
[WhiteElo "2424"]
[BlackElo "2179"]
[WhiteFideId "3513157"]
[BlackFideId "2815400"]
[EventDate "2022.12.12"]

1. d4 Nf6 2. c4 e6 3. g3 d5 4. Bg2 dxc4 5. Nf3 a6 6. O-O Nc6 7. Nbd2 Rb8 8. Nxc4
b5 9. Nfe5 Nxe5 10. Nxe5 Rb6 11. Qc2 Nd5 12. Bd2 f6 13. Nd3 Bb7 14. Rfc1 Rc6 15.
Qb3 Rxc1+ 16. Rxc1 Kf7 17. Bh3 Bc8 18. Ba5 Bd6 19. e4 Nb6 20. Bxb6 cxb6 21. e5
Bb8 22. Nf4 Re8 23. Rc6 fxe5 24. Bxe6+ Bxe6 25. Nxe6 Qe7 26. Ng5+ 1-0

[Event "9th Sunway Sitges 2022"]
[Site "Sitges ESP"]
[Date "2022.12.21"]
[Round "9.68"]
[White "Bournel, Antoine"]
[Black "Hryzlova, Sofiia"]
[Result "1/2-1/2"]
[WhiteTitle "IM"]
[BlackTitle "WIM"]
[WhiteElo "2392"]
[BlackElo "2157"]
[WhiteFideId "26093553"]
[BlackFideId "14174669"]
[EventDate "2022.12.12"]

1. d4 Nf6 2. c4 e6 3. Nf3 d5 4. Nc3 c5 5. cxd5 cxd4 6. Qxd4 exd5 7. Bg5 Be7 8.
e3 O-O 9. Be2 h6 10. Bh4 Nc6 11. Qd3 Qb6 12. O-O Rd8 13. Rfd1 Be6 14. a3 d4 15.
Nxd4 Nxd4 16. exd4 Rac8 17. Qb5 Qxb5 18. Bxb5 Bb3 19. Rd2 g5 20. Bg3 Bc5 21. Re1 1/2-1/2

[Event "9th Sunway Sitges 2022"]
[Site "Sitges ESP"]
[Date "2022.12.22"]
[Round "10.1"]
[White "Alekseenko, Kirill"]
[Black "Niemann, Hans Moke"]
[Result "1/2-1/2"]
[WhiteTitle "GM"]
[BlackTitle "GM"]
[WhiteElo "2672"]
[BlackElo "2698"]
[WhiteFideId "4135539"]
[BlackFideId "2093596"]
[EventDate "2022.12.12"]

1. e4 e5 2. Nf3 Nc6 3. Bc4 Nf6 4. d3 Bc5 5. a4 d6 6. c3 a5 7. O-O O-O 8. h3 h6
9. Re1 Be6 10. Nbd2 Ba7 11. Qb3 Qd7 12. Nf1 Bxc4 13. Qxc4 Qe6 14. Qb5 Bb6 15.
N3d2 Na7 16. Qb3 Qxb3 17. Nxb3 Nc6 18. Ne3 Bxe3 19. Bxe3 d5 20. f3 Rad8 21. Bf2
Rfe8 22. Rad1 b6 23. Rd2 Re6 24. Rde2 dxe4 25. dxe4 Red6 26. g3 Ne8 27. Kg2 R6d7
28. Be3 Nd6 29. Rd1 Nc4 30. Rxd7 Rxd7 31. Bc1 Nd8 32. Nd2 Nd6 33. Nb3 Ne6 34.
Rd2 Kf8 35. Rd5 f6 36. Kf1 Ke7 37. Ke2 g5 38. Be3 Nc4 39. Rxd7+ Kxd7 40. Bc1 Kc6
41. Na1 h5 42. b4 axb4 43. cxb4 Nd4+ 44. Kd3 b5 45. f4 gxf4 46. gxf4 Nf3 47. Nc2
Ng1 48. Ne3 Nb6 49. fxe5 fxe5 50. a5 Na4 1/2-1/2

[Event "9th Sunway Sitges 2022"]
[Site "Sitges ESP"]
[Date "2022.12.22"]
[Round "10.2"]
[White "Yu, Yangyi"]
[Black "Bernadskiy, Vitaliy"]
[Result "1/2-1/2"]
[WhiteTitle "GM"]
[BlackTitle "GM"]
[WhiteElo "2728"]
[BlackElo "2617"]
[WhiteFideId "8603820"]
[BlackFideId "14100371"]
[EventDate "2022.12.12"]

1. Nf3 d5 2. d4 Bf5 3. c4 e6 4. Nc3 Nf6 5. Nh4 dxc4 6. Nxf5 exf5 7. Bg5 h6 8.
Bxf6 Qxf6 9. e3 Qc6 10. Be2 Nd7 11. O-O Bd6 12. b3 cxb3 13. Qxb3 Qb6 14. Qd5 Qc6
15. Qb3 Qb6 16. Qc2 Qa5 17. Rab1 a6 18. Bf3 Rb8 19. Rxb7 O-O 20. Rfb1 Rxb7 21.
Rxb7 Rb8 22. Rxb8+ Nxb8 23. g3 g6 24. Nd5 Kg7 25. Kg2 Nd7 26. Qc6 Qb5 27. Qc3 c5
28. Qa3 a5 29. Qc3 cxd4 30. exd4 Nf6 31. Nxf6 Kxf6 32. d5+ Be5 33. Qd2 g5 34. d6
Qb4 35. Qxb4 axb4 36. d7 Ke7 37. Bc6 g4 38. h3 gxh3+ 39. Kxh3 Bf6 40. Kg2 Bd4
41. Ba4 Bb6 42. Kf3 Bc5 43. Ke2 Bb6 44. f3 Bc7 45. f4 Bb6 46. Kf3 Bc7 47. Kg2
Bb6 48. Kh3 Bf2 49. Kh4 Be1 50. Kh3 1/2-1/2

[Event "9th Sunway Sitges 2022"]
[Site "Sitges ESP"]
[Date "2022.12.22"]
[Round "10.3"]
[White "Tabatabaei, M. Amin"]
[Black "Adhiban, Baskaran"]
[Result "1-0"]
[WhiteTitle "GM"]
[BlackTitle "GM"]
[WhiteElo "2660"]
[BlackElo "2611"]
[WhiteFideId "12521213"]
[BlackFideId "5018471"]
[EventDate "2022.12.12"]

1. e4 e5 2. Nf3 Nc6 3. Bb5 a6 4. Ba4 Nf6 5. O-O Bc5 6. Bxc6 dxc6 7. d3 Qe7 8.
Be3 Bg4 9. h3 Bh5 10. Bxc5 Qxc5 11. Nc3 O-O-O 12. Qe2 Nd7 13. Qe3 f6 14. Nh4 g5
15. Nf5 Bg6 16. a3 Bxf5 17. exf5 Qxe3 18. fxe3 c5 19. Ne4 b6 20. Kf2 h5 21. h4
gxh4 22. Rh1 c4 23. Rad1 cxd3 24. Rxd3 Nc5 25. Nxc5 bxc5 26. Rxh4 Rdg8 27. e4 c4
28. Rc3 Rh7 29. g3 Kb7 30. Rxc4 Rhg7 31. Rc3 Rg4 32. Rxh5 Rxe4 33. Rh6 Rf8 34.
Rh7 Rc8 35. Rf7 Rd4 36. Rxf6 Rd2+ 37. Kf3 Re8 38. Rf7 e4+ 39. Ke3 Rg2 40. Rfxc7+
Kb8 41. Rg7 Rg1 42. f6 Re1+ 1-0

[Event "9th Sunway Sitges 2022"]
[Site "Sitges ESP"]
[Date "2022.12.22"]
[Round "10.4"]
[White "Durarbayli, Vasif"]
[Black "Petrosyan, Manuel"]
[Result "1/2-1/2"]
[WhiteTitle "GM"]
[BlackTitle "GM"]
[WhiteElo "2612"]
[BlackElo "2621"]
[WhiteFideId "13402935"]
[BlackFideId "13300857"]
[EventDate "2022.12.12"]

1. e4 e5 2. Nf3 Nc6 3. Bb5 a6 4. Ba4 Nf6 5. O-O Be7 6. Re1 b5 7. Bb3 O-O 8. d3
d6 9. c3 Re8 10. a4 Rb8 11. axb5 axb5 12. Ng5 Rf8 13. h3 h6 14. Nf3 b4 15. Nbd2
bxc3 16. bxc3 Re8 17. Bd5 Qd7 18. Bc4 Bf8 19. Qc2 Qd8 20. Ba3 Be6 21. Bxe6 Rxe6
22. d4 Re8 23. Nc4 exd4 24. cxd4 d5 25. Nce5 Nxe5 26. Nxe5 Rb6 27. Bxf8 Rxf8 28.
Nc6 Qd6 29. exd5 Nxd5 30. Rac1 Nb4 31. Nxb4 1/2-1/2

[Event "9th Sunway Sitges 2022"]
[Site "Sitges ESP"]
[Date "2022.12.22"]
[Round "10.5"]
[White "Cheparinov, Ivan"]
[Black "Tin, Jingyao"]
[Result "1/2-1/2"]
[WhiteTitle "GM"]
[BlackTitle "GM"]
[WhiteElo "2688"]
[BlackElo "2562"]
[WhiteFideId "2905540"]
[BlackFideId "5804418"]
[EventDate "2022.12.12"]

1. e4 c6 2. d4 d5 3. e5 c5 4. Nf3 cxd4 5. Nxd4 Nc6 6. Nxc6 bxc6 7. Bd3 e6 8. Nd2
Ne7 9. Nf3 a5 10. c4 dxc4 11. Bxc4 Qxd1+ 12. Kxd1 Ba6 13. Bxa6 Rxa6 14. Bd2 Nd5
15. a3 Kd7 16. Rc1 Be7 17. Rc4 Rb8 18. Kc2 Rab6 19. Bc1 Rb5 20. Rd1 Rc5 21. Rxc5
Bxc5 22. Ng5 f5 23. exf6 gxf6 24. Ne4 Be7 25. Rd4 f5 26. Nd2 Rg8 27. g3 h5 28.
Nb3 Rg4 29. f3 Rxd4 30. Nxd4 Bc5 31. Kd3 Kd6 32. Bh6 Bxd4 33. Kxd4 e5+ 34. Kd3
Nb6 35. h3 Kd5 36. g4 hxg4 37. hxg4 fxg4 38. fxg4 Nc4 39. Kc3 Nd6 40. a4 Ne4+
41. Kc2 c5 42. Be3 c4 43. Bb6 Ke6 44. b3 cxb3+ 45. Kxb3 Nf6 46. g5 Ne4 47. g6
Kf6 48. Kc4 Nd2+ 49. Kc3 Ne4+ 50. Kd3 Nd6 51. Bc7 Nc8 52. Ke4 Kxg6 53. Kxe5 Kf7
54. Kd5 Ne7+ 55. Kd6 Nf5+ 56. Kd7 Nd4 57. Bxa5 Nb3 58. Bb4 Kf6 1/2-1/2

[Event "9th Sunway Sitges 2022"]
[Site "Sitges ESP"]
[Date "2022.12.22"]
[Round "10.6"]
[White "Alsina Leal, Daniel"]
[Black "Moussard, Jules"]
[Result "0-1"]
[WhiteTitle "GM"]
[BlackTitle "GM"]
[WhiteElo "2527"]
[BlackElo "2684"]
[WhiteFideId "2252627"]
[BlackFideId "642908"]
[EventDate "2022.12.12"]

1. e4 c5 2. Nf3 d6 3. Bb5+ Nd7 4. Ba4 Nf6 5. O-O e6 6. Re1 a6 7. c3 b5 8. Bc2
Bb7 9. d4 Be7 10. a4 cxd4 11. Nxd4 bxa4 12. Bxa4 Qc7 13. Nd2 O-O 14. Qe2 Nc5 15.
Bc2 Rfe8 16. N4b3 Nxb3 17. Nxb3 a5 18. Nd4 Reb8 19. Qe3 Bc8 20. f4 e5 21. Nf5
Bxf5 22. exf5 d5 23. Kh1 e4 24. Qh3 Bd6 25. g4 Bxf4 26. g5 Ne8 27. g6 Nf6 28.
gxf7+ Kxf7 29. b3 Be5 30. Bb2 a4 31. Rg1 axb3 32. Rxa8 Rxa8 33. Qg2 Kg8 34. Bxb3
Rb8 35. Ba2 Kh8 36. Bc1 Qd7 37. c4 d4 38. c5 e3 39. Be6 Qc7 40. c6 Rb6 41. Ba3
Qxc6 42. Rc1 e2 0-1

[Event "9th Sunway Sitges 2022"]
[Site "Sitges ESP"]
[Date "2022.12.22"]
[Round "10.7"]
[White "Gines Esteo, Pedro Antonio"]
[Black "Esipenko, Andrey"]
[Result "0-1"]
[WhiteTitle "GM"]
[BlackTitle "GM"]
[WhiteElo "2500"]
[BlackElo "2678"]
[WhiteFideId "32080190"]
[BlackFideId "24175439"]
[EventDate "2022.12.12"]

1. Nf3 Nf6 2. c4 e6 3. g3 d5 4. Bg2 d4 5. d3 Nc6 6. e4 e5 7. O-O Nd7 8. Ne1 h5
9. f4 h4 10. Nd2 hxg3 11. hxg3 a5 12. Ndf3 Bd6 13. f5 Nc5 14. g4 Be7 15. g5 g6
16. f6 Bd6 17. Nh2 Qd7 18. Rf2 Rb8 19. Bf1 b5 20. cxb5 Rxb5 21. Nc2 Rb8 22. Na3
Nb4 23. Nc4 a4 24. Nf3 Qe6 25. Ne1 Ba6 26. Qf3 Bxc4 27. dxc4 Rh4 28. Rh2 Qg4+
29. Bg2 Qxf3 30. Bxf3 Rxh2 31. Kxh2 Kd7 32. Bg4+ Kc6 33. Bd1 Rh8+ 34. Kg2 Rh4
35. Bd2 Nxe4 36. Bxb4 Bxb4 37. Nd3 Bd6 38. Bxa4+ Kb7 39. b4 Nc3 40. Be8 e4 41.
Nc5+ Bxc5 42. bxc5 Rg4+ 43. Kh3 Rxg5 44. Bxf7 Rf5 45. Bd5+ c6 0-1

[Event "9th Sunway Sitges 2022"]
[Site "Sitges ESP"]
[Date "2022.12.22"]
[Round "10.8"]
[White "Korobov, Anton"]
[Black "Svane, Frederik"]
[Result "1/2-1/2"]
[WhiteTitle "GM"]
[BlackTitle "GM"]
[WhiteElo "2662"]
[BlackElo "2568"]
[WhiteFideId "14105730"]
[BlackFideId "12923044"]
[EventDate "2022.12.12"]

1. Nf3 d5 2. g3 e6 3. Bg2 c5 4. O-O Nf6 5. d4 cxd4 6. Nxd4 e5 7. Nb3 Be6 8. c4
Nc6 9. cxd5 Nxd5 10. N1d2 Be7 11. Ne4 b6 12. Nc3 Ndb4 13. Bd2 O-O 14. a3 Nd5 15.
Nxd5 Bxd5 16. Be3 Bxg2 17. Kxg2 Qc8 18. Rc1 Qe6 19. Rc3 Bf6 20. Qc2 Nd4 21. Bxd4
exd4 22. Rd3 Rfe8 23. Nxd4 Bxd4 24. Rxd4 Qxe2 25. Rc1 Qxc2 26. Rxc2 Re7 27. Rdc4
f6 28. Rc7 Rae8 29. Kf3 Kf7 30. h4 Rxc7 31. Rxc7+ Re7 32. Rxe7+ Kxe7 33. Ke4 Ke6
34. a4 f5+ 35. Kd4 a5 36. Kc4 Kd6 37. Kb5 Kc7 38. h5 Kb7 39. f3 h6 1/2-1/2

[Event "9th Sunway Sitges 2022"]
[Site "Sitges ESP"]
[Date "2022.12.22"]
[Round "10.9"]
[White "Boyer, Mahel"]
[Black "Demchenko, Anton"]
[Result "1/2-1/2"]
[WhiteTitle "IM"]
[BlackTitle "GM"]
[WhiteElo "2434"]
[BlackElo "2632"]
[WhiteFideId "45102422"]
[BlackFideId "4160258"]
[EventDate "2022.12.12"]

1. e4 c5 2. Nf3 d6 3. d4 cxd4 4. Nxd4 Nf6 5. Nc3 Nc6 6. g3 e6 7. Bg2 Bd7 8. O-O
Be7 9. Nce2 O-O 10. c4 a6 11. a4 Qc7 12. b3 Nxd4 13. Nxd4 g6 14. Qd3 e5 15. Ne2
b5 16. axb5 axb5 17. Rxa8 Rxa8 18. cxb5 Qc5 19. Nc3 Rc8 20. Bd2 Qd4 21. Qxd4
exd4 22. Ne2 Bxb5 23. Rc1 Rxc1+ 24. Nxc1 Kf8 25. f3 d5 26. e5 Nd7 27. f4 f6 28.
e6 Nc5 29. Bxd5 f5 30. Bc4 Bxc4 31. bxc4 Nxe6 32. Kf2 h5 33. Ke2 h4 34. Nb3 h3
35. Kd3 Bf6 36. Bc1 Kf7 37. Bb2 g5 38. fxg5 Nxg5 39. Nd2 Be5 40. Nf1 Ne6 41. Ba3
Kf6 42. c5 Bc7 43. Kc4 f4 44. gxf4 Bxf4 45. Kd5 Kf5 46. c6 Nc7+ 47. Kc4 Ke4 48.
Bb4 Be5 49. Be1 d3 50. Bg3 Bxg3 51. Nxg3+ Ke3 52. Nf5+ Ke2 53. Ng3+ Ke3 54. Nf5+
Ke2 55. Ng3+ Kd2 56. Kd4 Ne8 57. Ne4+ Ke2 58. Nc3+ Kf3 59. Kxd3 Kg2 60. Ke2 Nc7
61. Ke3 Kxh2 62. Kf2 Kh1 63. Ne2 Kh2 64. Nf4 Nb5 65. Ne2 Nc7 66. Nd4 Kh1 67. Nf3
Nd5 68. Kg3 Nc7 69. Kxh3 Na6 70. Kg3 Nc7 71. Kh3 Na6 72. Kg3 Nc7 73. Kf2 Nd5 74.
Ng5 Nc7 75. Nh3 Kh2 76. Nf4 Kh1 77. Nh5 Kh2 78. Nf4 Kh1 79. Nh3 Kh2 80. Ng5 Kh1
81. Kf3 Kg1 82. Ke3 Kg2 83. Ne4 Kf1 84. Nc3 Kg2 85. Ne4 Kf1 86. Nc3 Kg2 87. Kf4
Kh3 88. Ne4 Kh4 89. Nf6 Kh3 90. Nh7 Kh4 91. Nf6 Kh3 92. Ke5 Kg3 93. Kd6 Na8 94.
Kd7 Kf4 95. Kc8 Nb6+ 96. Kb7 Nc4 97. c7 Nd6+ 98. Kb8 Ke5 99. Ne8 1/2-1/2

[Event "9th Sunway Sitges 2022"]
[Site "Sitges ESP"]
[Date "2022.12.22"]
[Round "10.10"]
[White "Karthikeyan, Murali"]
[Black "Erdogmus, Yagiz Kaan"]
[Result "1-0"]
[WhiteTitle "GM"]
[BlackTitle "IM"]
[WhiteElo "2620"]
[BlackElo "2453"]
[WhiteFideId "5074452"]
[BlackFideId "44599790"]
[EventDate "2022.12.12"]

1. e4 c5 2. Nf3 e6 3. d4 cxd4 4. Nxd4 Nc6 5. Nc3 Nf6 6. Nxc6 bxc6 7. e5 Nd5 8.
Ne4 Qc7 9. f4 Qb6 10. c4 Bb4+ 11. Ke2 f5 12. exf6 Nxf6 13. Be3 Qd8 14. Nd6+ Bxd6
15. Qxd6 Bb7 16. Kd1 Qe7 17. Qxe7+ Kxe7 18. Kc2 Ng4 19. Bd2 c5 20. Re1 Rhf8 21.
Rg1 d6 22. h3 Nf6 23. Bd3 Kf7 24. g4 g6 25. Rg3 Bc6 26. Ba5 Rac8 27. Bc3 Rfe8
28. h4 d5 29. Bxf6 Kxf6 30. Rge3 Rcd8 31. Re5 a5 32. h5 Rd6 33. Kc3 Red8 34.
R1e2 a4 35. hxg6 hxg6 36. Rh2 Kg7 37. Rhe2 Kf6 38. g5+ Kf7 39. Rh2 Kg7 40. cxd5
Rxd5 41. Re3 Be8 42. Bc4 Rd4 43. Rf2 Bc6 44. Bxe6 Bb5 45. f5 Rd3+ 46. Rxd3 Rxd3+
47. Kc2 Re3 48. Rd2 gxf5 49. Bxf5 Re5 50. Rf2 Bc4 51. a3 Re3 52. Kd2 Re5 53. Bc2
Rxg5 54. Bxa4 Bd5 55. Bd1 Rg2 56. Rxg2+ Bxg2 57. Kc3 Bf1 58. Bc2 Ba6 59. Bd3 Bc8
60. Bb5 Be6 61. Bc4 Bc8 62. Kb3 Bd7 63. Bf1 Bc8 64. Ka4 1-0

[Event "9th Sunway Sitges 2022"]
[Site "Sitges ESP"]
[Date "2022.12.22"]
[Round "10.11"]
[White "Aditya, Mittal"]
[Black "Puranik, Abhimanyu"]
[Result "1/2-1/2"]
[WhiteTitle "IM"]
[BlackTitle "GM"]
[WhiteElo "2479"]
[BlackElo "2616"]
[WhiteFideId "35042025"]
[BlackFideId "5061245"]
[EventDate "2022.12.12"]

1. d4 Nf6 2. c4 g6 3. Nc3 d5 4. Bf4 Bg7 5. e3 O-O 6. cxd5 Nxd5 7. Nxd5 Qxd5 8.
Bxc7 Na6 9. Bxa6 Qxg2 10. Qf3 Qxf3 11. Nxf3 bxa6 12. Rc1 Bb7 13. Ke2 a5 14. Rhd1
a4 15. Rc5 e6 16. Rdc1 Bd5 17. a3 f6 18. Ra5 Rf7 19. Rxa4 a6 20. Rc3 g5 21. Nd2
f5 22. Rb4 h5 23. Nf3 Bf6 24. Rb8+ Rxb8 25. Bxb8 a5 26. Rc8+ Rf8 27. Rxf8+ Kxf8
28. Be5 Be7 29. Nd2 a4 30. Kd3 g4 31. Nc4 Ke8 32. Kc3 Bh4 33. Bg3 Be7 34. Be5
Bh4 35. Bg3 Be7 36. Ne5 Bb3 37. Nd3 Kd7 38. Ne5+ Ke8 39. Nd3 Kd7 40. Kd2 h4 41.
Bf4 Kc6 42. f3 gxf3 43. Ne5+ Kd5 44. Nxf3 Ke4 45. Ng5+ 1/2-1/2

[Event "9th Sunway Sitges 2022"]
[Site "Sitges ESP"]
[Date "2022.12.22"]
[Round "10.12"]
[White "Willow, Jonah B"]
[Black "Aravindh, Chithambaram VR."]
[Result "1-0"]
[WhiteTitle "IM"]
[BlackTitle "GM"]
[WhiteElo "2409"]
[BlackElo "2607"]
[WhiteFideId "438804"]
[BlackFideId "5072786"]
[EventDate "2022.12.12"]

1. e4 Nc6 2. d4 d5 3. e5 Bf5 4. c3 e6 5. Bd3 Nge7 6. Ne2 f6 7. f4 h5 8. b3 Qd7
9. Ba3 O-O-O 10. O-O h4 11. Bxe7 Nxe7 12. b4 Kb8 13. a4 fxe5 14. fxe5 g6 15.
Bxf5 Nxf5 16. Qd3 Bh6 17. Nd2 Be3+ 18. Kh1 Ng3+ 19. Nxg3 hxg3 20. h3 Bf2 21. Nf3
Rdf8 22. Ra2 g5 23. Raxf2 gxf2 24. Nxg5 Rf5 25. Qe3 Qxa4 26. Rxf2 Qd1+ 27. Kh2
Qg4 28. Nf7 Rxf2 29. Qxf2 Qh4 30. Qf6 Qxf6 31. exf6 Rf8 32. Ne5 Kc8 33. f7 Kd8
34. Kg3 c6 35. Kf4 Ke7 36. Ng6+ Kxf7 37. Nxf8 Kxf8 38. h4 b6 39. h5 Kg7 40. g4
Kh6 41. Kf3 Kg5 42. Ke3 Kh6 43. Kf4 Kg7 44. g5 Kf7 45. h6 Kg6 46. Ke5 a5 47.
bxa5 bxa5 48. Kxe6 a4 49. h7 1-0

[Event "9th Sunway Sitges 2022"]
[Site "Sitges ESP"]
[Date "2022.12.22"]
[Round "10.14"]
[White "Sankalp, Gupta"]
[Black "Kraemer, Martin"]
[Result "1/2-1/2"]
[WhiteTitle "GM"]
[BlackTitle "GM"]
[WhiteElo "2485"]
[BlackElo "2583"]
[WhiteFideId "5097010"]
[BlackFideId "4671910"]
[EventDate "2022.12.12"]

1. d4 Nf6 2. Bf4 d5 3. e3 c5 4. Nf3 Nc6 5. Nbd2 Bg4 6. h3 Bxf3 7. Nxf3 e6 8. Be2
Bd6 9. dxc5 Bxf4 10. exf4 Qa5+ 11. c3 Qxc5 12. Bd3 O-O 13. O-O Rfd8 14. g3 g6
15. Qe2 Rac8 16. Rac1 Qe7 17. Rfe1 Rc7 18. Rc2 d4 19. Rec1 dxc3 20. Rxc3 Nd5 21.
Rc4 Rdc8 22. a3 Qd6 23. Be4 Nf6 24. Rd1 Qf8 25. Bxc6 Rxc6 26. Rxc6 Rxc6 27. Qe5
Nd5 28. f5 gxf5 29. Nd4 Rd6 30. Nxf5 exf5 31. Rxd5 Rxd5 32. Qxd5 Qc8 33. Kg2 b6
34. b4 Kg7 35. h4 h6 36. b5 Qc3 37. a4 Qa1 38. Qxf5 1/2-1/2

[Event "9th Sunway Sitges 2022"]
[Site "Sitges ESP"]
[Date "2022.12.22"]
[Round "10.15"]
[White "Kollars, Dmitrij"]
[Black "Gokerkan, Cem Kaan"]
[Result "1-0"]
[WhiteTitle "GM"]
[BlackTitle "IM"]
[WhiteElo "2610"]
[BlackElo "2470"]
[WhiteFideId "12909572"]
[BlackFideId "6336760"]
[EventDate "2022.12.12"]

1. e4 c5 2. Nf3 e6 3. d4 cxd4 4. Nxd4 Nf6 5. Nc3 Nc6 6. Nxc6 bxc6 7. e5 Nd5 8.
Ne4 Qc7 9. f4 Rb8 10. c4 Bb4+ 11. Ke2 O-O 12. a3 Be7 13. cxd5 cxd5 14. Nd6 f6
15. Nxc8 Rfxc8 16. exf6 Bxf6 17. Rb1 Qc4+ 18. Kf2 Bd4+ 19. Kg3 Rb3+ 20. Kg4 Qa4
21. Bd3 e5 22. g3 e4 23. Be2 Rc2 24. f5 g6 25. Rf1 Rc6 26. Kh3 Rf6 27. fxg6 Rxg6
28. Bh5 1-0